Montgrony [ (Record no. 95723)

MARC details
000 -LEADER
campo de control de longitud fija 00979nem a2200241 i 4500
001 - NÚMERO DE CONTROL
campo de control 95723
003 - IDENTIFICADOR DE NÚMERO DE CONTROL
campo de control ES-MaACL
005 - FECHA Y HORA DE LA ÚLTIMA TRANSACCIÓN
campo de control 20250720204512.0
007 - CAMPO FIJO DE DESCRIPCIÓN FÍSICA--INFORMACIÓN GENERAL
campo de control de longitud fija t|
008 - DATOS DE LONGITUD FIJA--INFORMACIÓN GENERAL
campo de control de longitud fija 050602s1960 sp | |0|1||spa d
130 0# - ENTRADA PRINCIPAL--TÍTULO UNIFORME
Título uniforme Montgrony (Macizo).
Subencabezamiento de forma Mapas topográfico-excursionistas.
Fecha de publicación/de la obra 1960.
9 (RLIN) 164699
245 10 - MENCIÓN DEL TÍTULO
Título Montgrony [
Medio Material cartográfico]
Resto del título : Puig Llançada, Pla de Pujalts, Catllarás, Rasos de Tubau /
Mención de responsabilidad, etc. realizado por Xavier Coll; cartografía A. Bescós, P. Falche.
255 ## - DATOS MATEMÁTICOS CARTOGRÁFICOS
Mención de escala Escala 1:25.000.
260 ## - PUBLICACIÓN, DISTRIBUCIÓN, ETC.
Lugar de publicación, distribución, etc. Granollers :
Nombre del editor, distribuidor, etc. Ed. Alpina,
Fecha de publicación, distribución, etc. 1960.
300 ## - DESCRIPCIÓN FÍSICA
Extensión 1 mapa :
Otras características físicas col. ;
Dimensiones 63 x 70 cm, pleg. en 16 x 11 cm +
Material acompañante/anejo guía cartográfica (24 p. ; 16 cm)
592 ## -
-- Meridiano de Madrid Relieve representado por curvas de nivel.
700 1# - ENTRADA AGREGADA--NOMBRE PERSONAL
Nombre de persona Coll, Xavier,
Fechas asociadas al nombre 1901-1981
9 (RLIN) 39622
700 0# - ENTRADA AGREGADA--NOMBRE PERSONAL
Nombre de persona Bescós, A.
9 (RLIN) 28571
700 1# - ENTRADA AGREGADA--NOMBRE PERSONAL
Nombre de persona Falche, Pascual.
9 (RLIN) 164700
700 1# - ENTRADA AGREGADA--NOMBRE PERSONAL
Nombre de persona Llopis Lladó, Noel.
9 (RLIN) 72839
852 ## - LOCALIZACIÓN
Ubicación ES-MaACL
Número de control de estantería 2004-F-13
Sublocalización o colección R.46508
Holdings
Estatus retirado Estado de pérdida Estado de daño No para préstamo Colección Biblioteca de origen Biblioteca actual Ubicación en estantería Fecha de adquisición Fuente de adquisición Total de préstamos Signatura topográfica completa Código de barras Visto por última vez Precio de reemplazo Tipo de ítem Koha
        Colección de folletos Biblioteca del Ateneo de Madrid Biblioteca del Ateneo de Madrid Depósito folletos 17/01/2008     2004-F-13 1099952 23/02/2023 23/02/2023 Folleto